|
|
|
|
| LEADER |
00000cam a2200000 c 4500 |
| 001 |
680094547 |
| 003 |
DE-627 |
| 005 |
20251223230801.0 |
| 007 |
tu |
| 008 |
111217s2011 be ||||| m 00| ||eng c |
| 010 |
|
|
|a 2011449167
|
| 020 |
|
|
|a 9789042925786
|9 978-90-429-2578-6
|
| 024 |
3 |
|
|a 9789042925786
|
| 035 |
|
|
|a (DE-627)680094547
|
| 035 |
|
|
|a (DE-576)354821644
|
| 035 |
|
|
|a (DE-599)BSZ354821644
|
| 035 |
|
|
|a (OCoLC)772660796
|
| 035 |
|
|
|a (OCoLC)772660796
|
| 040 |
|
|
|a DE-627
|b ger
|c DE-627
|e rakwb
|
| 041 |
|
|
|a eng
|
| 044 |
|
|
|c XA-BE
|c XA-FR
|c XD-US
|
| 050 |
|
0 |
|a BS1199.B3
|
| 082 |
0 |
|
|a 221
|q BSZ
|
| 084 |
|
|
|a 6,22
|2 ssgn
|
| 084 |
|
|
|a 6,22
|a 1
|2 ssgn
|
| 084 |
|
|
|a BC 8230
|q BVB
|2 rvk
|0 (DE-625)rvk/9742:
|
| 084 |
|
|
|a 11.43
|2 bkl
|
| 090 |
|
|
|a a
|
| 100 |
1 |
|
|a Lee, Kyong-Jin
|4 aut
|
| 245 |
1 |
4 |
|a The authority and authorization of Torah in the Persian period
|c Kyong-Jin Lee
|
| 264 |
|
1 |
|a Leuven [u.a.]
|b Peeters
|c 2011
|
| 300 |
|
|
|a X, 296 S.
|
| 336 |
|
|
|a Text
|b txt
|2 rdacontent
|
| 337 |
|
|
|a ohne Hilfsmittel zu benutzen
|b n
|2 rdamedia
|
| 338 |
|
|
|a Band
|b nc
|2 rdacarrier
|
| 490 |
1 |
|
|a Contributions to biblical exegesis and theology
|v 64
|
| 502 |
|
|
|a Teilw. zugl.: New Haven, Univ., Diss., 2010
|
| 583 |
1 |
|
|a Archivierung/Langzeitarchivierung gewährleistet
|f SSG
|x XA-DE-BW
|2 pdager
|5 DE-21
|
| 583 |
1 |
|
|a Archivierung prüfen
|c 20240324
|f DE-4165
|z 1
|2 pdager
|
| 630 |
2 |
0 |
|a Bible
|p Ezra
|x Criticism, interpretation, etc
|
| 650 |
|
0 |
|a Jewish Law
|x History
|y To 1500
|
| 650 |
|
0 |
|a Jews
|x History
|y Babylonian captivity, 598-515 B.C
|
| 652 |
|
|
|a HB
|b DDCoderRVK
|
| 655 |
|
7 |
|a Hochschulschrift
|0 (DE-588)4113937-9
|0 (DE-627)105825778
|0 (DE-576)209480580
|2 gnd-content
|
| 689 |
0 |
0 |
|d p
|0 (DE-588)118646672
|0 (DE-627)694843156
|0 (DE-576)209222344
|2 gnd
|a Achämeniden
|
| 689 |
0 |
1 |
|d s
|0 (DE-588)4020682-8
|0 (DE-627)106317121
|0 (DE-576)208934405
|2 gnd
|a Gesetzgebung
|
| 689 |
0 |
2 |
|d g
|0 (DE-588)4068430-1
|0 (DE-627)106105639
|0 (DE-576)209173815
|2 gnd
|a Ägypten
|g Altertum
|
| 689 |
0 |
3 |
|d g
|0 (DE-588)4085685-9
|0 (DE-627)10605726X
|0 (DE-576)209230886
|2 gnd
|a Anatolien
|
| 689 |
0 |
|
|5 (DE-627)
|
| 689 |
1 |
0 |
|d s
|0 (DE-588)4226122-3
|0 (DE-627)104104767
|0 (DE-576)210311568
|2 gnd
|a Thora
|
| 689 |
1 |
|
|5 (DE-627)
|
| 689 |
2 |
0 |
|d g
|0 (DE-588)4072922-9
|0 (DE-627)104123273
|0 (DE-576)209188677
|2 gnd
|a Iran
|g Altertum
|
| 689 |
2 |
1 |
|d g
|0 (DE-588)4028805-5
|0 (DE-627)106276948
|0 (DE-576)208979530
|2 gnd
|a Judäa
|
| 689 |
2 |
|
|5 (DE-627)
|
| 751 |
|
|
|a New Haven, Conn.
|0 (DE-588)4117854-3
|0 (DE-627)105795984
|0 (DE-576)209513500
|4 uvp
|
| 787 |
0 |
8 |
|i Rezensiert in
|a MacDonald, Nathan, 1975 -
|t [Rezension von: Lee, Kyong-Jin, The authority and authorization of Torah in the Persian period]
|d 2015
|w (DE-627)1562082671
|w (DE-576)492082677
|
| 787 |
0 |
8 |
|i Rezensiert in
|a Watts, James W., 1960 -
|t Review of Lee, Kyong-Jin, The Authority and Authorization of Torah in the Persian Period (Contributions to Biblical Exegesis & Theology, 64; Leuven, Peeters, 2011). Pp. x + 296. Paperback. €46.00. ISBN 978-90-429-2578-6
|d 2012
|w (DE-627)1851526528
|
| 830 |
|
0 |
|a Contributions to biblical exegesis and theology
|v 64
|9 64
|w (DE-627)509649874
|w (DE-576)026595265
|w (DE-600)2228924-0
|x 0926-6097
|7 am
|
| 856 |
4 |
2 |
|u https://swbplus.bsz-bw.de/bsz354821644inh.htm
|m B:DE-576;DE-21
|q application/pdf
|v 20111216094313
|x Verlag
|3 Inhaltsverzeichnis
|7 1
|
| 935 |
|
|
|a mteo
|a BIIN
|
| 935 |
|
|
|i sf
|
| 935 |
|
|
|i Blocktest
|
| 936 |
r |
v |
|a BC 8230
|b Kultur, Bildbände, Soziales, Recht, Kunst
|k Theologie und Religionswissenschaften
|k Bibelwissenschaft
|k Die orientalische Umwelt der Bibel
|k Ältere Völker und Großreiche des Alten Orients
|k Ägypten
|k Kultur, Bildbände, Soziales, Recht, Kunst
|0 (DE-627)1270713590
|0 (DE-625)rvk/9742:
|0 (DE-576)200713590
|
| 936 |
b |
k |
|a 11.43
|j Altes Testament in Beziehung zu anderen Kulturen
|0 (DE-627)106404318
|
| 951 |
|
|
|a BO
|
| BIB |
|
|
|a 1
|
| ELC |
|
|
|b 1
|
| ITA |
|
|
|a 1
|t 1
|
| LOK |
|
|
|0 000 xxxxxcx a22 zn 4500
|
| LOK |
|
|
|0 001 3182872338
|
| LOK |
|
|
|0 003 DE-627
|
| LOK |
|
|
|0 004 680094547
|
| LOK |
|
|
|0 005 20111215162508
|
| LOK |
|
|
|0 008 111214||||||||||||||||ger|||||||
|
| LOK |
|
|
|0 040
|a DE-21
|c DE-627
|d DE-21
|
| LOK |
|
|
|0 852
|a DE-21
|
| LOK |
|
|
|0 852 1
|c 51 A 11473
|9 00
|
| LOK |
|
|
|0 935
|a theo
|a vord
|
| LOK |
|
|
|0 936ln
|a t2.1
|
| LOK |
|
|
|0 938
|a 1112
|f 2
|
| LOK |
|
|
|0 939
|a 14-12-11
|b l01
|
| LOK |
|
|
|0 000 xxxxxcx a22 zn 4500
|
| LOK |
|
|
|0 001 3182872540
|
| LOK |
|
|
|0 003 DE-627
|
| LOK |
|
|
|0 004 680094547
|
| LOK |
|
|
|0 005 20190205144303
|
| LOK |
|
|
|0 008 180308||||||||||||||||ger|||||||
|
| LOK |
|
|
|0 040
|a DE-Tue135
|c DE-627
|d DE-Tue135
|
| LOK |
|
|
|0 092
|o n
|
| LOK |
|
|
|0 852
|a DE-Tue135
|
| LOK |
|
|
|0 852 1
|9 00
|
| LOK |
|
|
|0 939
|a 08-03-18
|b l01
|
| LOK |
|
|
|0 000 xxxxxcx a22 zn 4500
|
| LOK |
|
|
|0 001 416515797X
|
| LOK |
|
|
|0 003 DE-627
|
| LOK |
|
|
|0 004 680094547
|
| LOK |
|
|
|0 005 20220713111838
|
| LOK |
|
|
|0 008 220713||||||||||||||||ger|||||||
|
| LOK |
|
|
|0 040
|a DE-Tue135-1
|c DE-627
|d DE-Tue135-1
|
| LOK |
|
|
|0 852
|a DE-Tue135-1
|
| LOK |
|
|
|0 852 1
|m p
|9 00
|
| LOK |
|
|
|0 935
|a inmo
|
| LOK |
|
|
|0 938
|k p
|
| LOK |
|
|
|0 939
|a 13-07-22
|b l01
|
| ORI |
|
|
|a SA-MARC-ixtheoa001.raw
|
| STA |
0 |
0 |
|a Anatolia,Anatolia,Asia Minor,Turkey,Judea,Judaea,Legislation,Lawgiving,Law-making,Torah,Thora
|
| STB |
0 |
0 |
|a Législation,Torah,Thora,Thora
|
| STC |
0 |
0 |
|a Legislación,Torá
|
| STD |
0 |
0 |
|a Legislazione,Torah,Torà,Torà
|
| STE |
0 |
0 |
|a 妥拉,托拉,立法,制定法规
|
| STF |
0 |
0 |
|a 妥拉,托拉,立法,制定法規
|
| STG |
0 |
0 |
|a Legislação,Torá
|
| STH |
0 |
0 |
|a Законодательство,Тора
|
| STI |
0 |
0 |
|a Νομοθεσία,Τορά
|
| SUB |
|
|
|a BIB
|
| SYG |
0 |
0 |
|a Achaimeniden , Ägypten,Ägypten , Aegyptus,Miṣr,Egypt,Chibet,Ghubt,Ghibt,Arabische Republik Ägypten,Dschumhūriyyat Misr al-ʿArabiyya,Ǧumhūriyyat Misr al-ʿArabiyya,República Árabe de Egipto,Ŷumhūriyyat Miṣr Al-ʿArabiyyah,Arab Republic of Egypt,Ǧumhūriyyat Miṣr al-ʿArabiyyah,Arabiese Republiek Egipte,République arabe d'Égypte,Jumhuriyyat Miṣr al-ʿArabiyyah,Repubblica Araba d'Egitto,Egyiptomi Arab Köztársaság,Mısır Arap Cumhuriyeti,Ǧumhūrīyat Miṣr al-ʿArabīya,ARE,Egypte,al- Mamlaka al-Miṣrīya,ad- Daula al-Miṣrīya,Mısır,Egapt,République d'Egypte,Republic of Egypt,Egitto,Kingdom of Egypt,Republica Arabe de Egipto,Maṣr , Kleinasien,Kleinasien,Asia Minor , Tora,Torah,Ḥamishah ḥumshe Torah,Ḥămišä hûmĕšê Tôrä,Ḥamišša humše Tora,Tawrāt Mūsā,Tevrat,Tevrīt , Iran,Ǧunbiš-i sabz,Ǧunbiš-i sabz,Ǧunbiš-i sabz,Iranian Green Movement,Die Grüne Revolution,Die Grüne Bewegung , Achämenidenreich,Perserreich,Persien,Sassanidenreich,Sasanidenreich,Jomhōri-e Islamī-e Iran,Kišwar-i Šāhanšāhī-i Īrān,Īrān,Īrān,Īrān,Islamische Republik Iran,Islamic Republic of Iran,République islamique d'Iran,Imperial Government of Iran,al-Ǧumhūrīya al-Islāmīya al-Īrānīya,Īrān,Īrān,Īrān,Daulat-i ʿAlīya-i Īrān,Pārs,Ǧumhūrīyat Īrān al-Islāmīya,al-Ǧumhūrīya al-Islāmīya al-Īrānīya,al-Ǧumhūriyya al-Islāmiyya al-Īrāniyya,Daulat-i Šāhinšāhī-i Īrān,Gouvernement Impérial de l'Iran,IR Iran,Persien,Islamische Republik Iran,Islamic Republic of Iran,Persia,Ǧumhūrī-i Islāmī-i Īrān,Perse,République islamique d'Iran , Iudaea
|